|
|
|
|
| LEADER |
00947nam a22002532a 4500 |
| 001 |
000758235 |
| 003 |
CZ BrMZK |
| 005 |
20131017102012.0 |
| 007 |
ta |
| 008 |
050105s1966 xr er|||||||||||cze d |
| 015 |
|
|
|a cnb000444963
|
| 035 |
|
|
|a (OCoLC)42157247
|
| 040 |
|
|
|a BOA001
|b cze
|
| 100 |
1 |
|
|a Mareček, Jiří,
|d 1930-
|7 jk01080089
|4 aut
|
| 245 |
1 |
0 |
|a Zeleň na vesnici ;
|b akce Z /
|c Jiří Mareček
|
| 260 |
|
|
|a Praha :
|b Tisková, ediční a propagační služba místního hospodářství,
|c 1966
|
| 300 |
|
|
|a 104 s.
|
| 490 |
1 |
|
|a Knižnice místního hospodářství ;
|v sv. 3/221
|
| 504 |
|
|
|a Obsahuje bibliografii
|
| 830 |
|
0 |
|a Knižnice MH (Tisková, ediční a propagační služba místního hospodářství)
|v sv. 3/221
|
| 910 |
|
|
|a BOA001
|b 2-0572.535
|b PK-0047.457
|
| 964 |
|
|
|a Sady - vesnice - příručky
|
| 990 |
|
|
|a BK
|
| 996 |
7 |
|
|b 2619675678
|c 2-0572.535
|l Sklad H1
|r Sklad / do 24 hodin
|n 5
|h HS212
|w 000758235
|u 000020
|a 1
|e BOA001
|j MZK50
|s A
|